Du nouveau sur Tirant lo Blanch / Constantin Marinesco
Descripción Física:
p. 137 a 203 ; 24 cm
MARC
| LEADER | 00000nam a2200000Ia 4500 | ||
|---|---|---|---|
| 001 | 11422 | ||
| 008 | 160829s1953 - 1954 xx 000 0 cat d | ||
| 080 | |a L-1-336 | ||
| 100 | |a Marinescu, Constantin |9 30128 | ||
| 245 | |a Du nouveau sur Tirant lo Blanch / Constantin Marinesco | ||
| 260 | |a Barcelona : |b Institut d'Estudis Catalans, |c 1953 - 1954 | ||
| 300 | |a p. 137 a 203 ; |c 24 cm | ||
| 590 | |a Premi Isidre Bonsoms 1952.vbcrlfSeparata d'Estudis Romànics, IV | ||
| 600 | 1 | 0 | |a Martorell, Joanot, |d 1410-1465. |t Tirant lo Blanc |x Història i crítica |9 55909 |
| 710 | 2 | |a Institut d'Estudis Catalans |9 52284 | |
| 901 | |a Arxiu | ||
| 942 | |n 1 | ||
| 952 | |0 0 |1 0 |4 0 |6 L1336 |7 1 |9 45282 |a Arxiu |b Arxiu |d 2016-12-01 |l 0 |o L-1-336 |p 11422 |r 2016-12-01 00:00:00 |w 2016-12-01 |y ARXIU | ||
| 999 | |c 48356 |d 48356 | ||